02062cam a2200409 i 450000100090000000300040000900500170001300800410003001000170007102000180008802000300010602000430013602000270017904000230020604200080022905000210023708200150025810000560027324505180032924600350084725000180088226400420090030000400094233600260098233700280100833800270103650001090106350400510117252000870122365000220131065000300133270000490136290600450141194200360145695201430149299900170163521487647OSt20231128114019.0200401s2020 paua b 001 0 eng  a 2020936245 a9788151257739 a9780323597128q(hardback) a9780323672801q(international edition) z9780323640039q(ebook) aDLCbengerdacDLC apcc00aQP34.5b.G9 2021 a612bVAZ/G1 aHall, John E.q(John Edward),d1946-eauthor.9865110aGuyton and Hall textbook of medical physiology /cJohn E. Hall, PhD, Arthur C. Guyton Professor and Chair, Department of Physiology and Biophysics, Director, Mississippi Center for Obesity Research, University of Mississippi Medical Center, Jackson, Mississippi, and Michael E. Hall, MD, MS, Associate Professor, Department of Medicine, Division of Cardiovascular Diseases, Associate Vice Chair for Research, Department of Physiology and Biophysics, University of Mississippi Medical Center, Jackson, Mississippi.1 aTextbook of medical physiology a14th edition. 1aPhiladelphia, PA :bElsevier,c[2021] a1011pbcolor illustrations ;c29 cm atextbtxt2rdacontent aunmediatedbn2rdamedia avolumebnc2rdacarrier aRevised edition of: Guyton and Hall textbook of medical physiology / John E. Hall. 13th edition. [2016]. aIncludes bibliographical references and index. a"This is a comprehensive textbook of medical physiology"--cProvided by publisher. 0aHuman physiology. 0aPhysiology, Pathological.1 aHall, Michael E.q(Michael Edward),eauthor. a7bcbccorignewd2eepcnf20gy-gencatlg 2ddccBKh612iVAZ/Gk612mVAZ/G 00102ddc40708ZOOLOGYaMESbMEScZOOd2023-11-28l4o612 VAZ/Gp43864r2025-03-21 14:41:13s2025-03-04v5175.00w2023-11-28yBKzGL19R3 c43688d43688